Statistics for Directors Whose Names Start With C

Click here to take the quiz!

General Stats

  • This quiz has been taken 27 times
  • The average score is 19 of 48

Answer Stats

FilmCountryAnswer% Correct
AvatarUSAJames Cameron
95%
No Country for Old MenUSACoen brothers
82%
GravityMexicoAlfonso Cuaron
77%
The GodfatherUSAFrancis Ford Coppola
77%
It's a Wonderful LifeUSAFrank Capra
77%
Harry Potter and the Sorcerer's StoneUSAChris Columbus
73%
Dances with the WolvesUSAKevin Costner
73%
A History of ViolenceCanadaDavid Cronenberg
68%
Lost in TranslationUSASofia Coppola
68%
ScreamUSAWes Craven
68%
Modern TimesUKCharlie Chaplin
64%
The ThingUSAJohn Carpenter
64%
The Deer HunterUSAMichael Cimino
64%
CasablancaUSAMichael Curtiz
64%
Jerry MaguireUSACameron Crowe
59%
ZGreece / FranceCosta-Gavras
55%
The PianoNew ZealandJane Campion
55%
Beauty and the Beast / La Belle et la BêteFranceJean Cocteau
45%
La CérémonieFranceClaude Chabrol
41%
The Wages of Fear / Le Salaire de la peurFranceHenri-Georges Clouzot
41%
A Star is BornUSAGeorge Cukor
36%
Holy MotorsFranceLeos Carax
36%
The Ides of MarchUSAGeorge Clooney
32%
Tell No One / Ne le dis à personneFranceGuillaume Canet
32%
ShadowsUSAJohn Cassavetes
32%
Asterix & Obelix: Mission CleopatraFranceAlain Chabat
27%
Ken ParkUSALarry Clark
27%
WestworldUSAMichael Crichton
27%
Queen Margot / La Reine MargotFrancePatrice Chéreau
27%
Purple Noon / Plein SoleilFranceRené Clément
27%
Love ActuallyUKRichard Curtis
27%
DjangoItalySergio Corbucci
27%
GoldenEyeNew ZealandMartin Campbell
23%
The Little Shop of HorrorsUSARoger Corman
23%
Police Python 357FranceAlain Corneau
18%
Hôtel du NordFranceMarcel Carné
18%
Winter SleepTurkeyNuri Bilge Ceylan
18%
Under the Roofs of Paris / Sous les toits de ParisFranceRené Clair
18%
A Most Violent YearUSAJ.C. Chandor
14%
The Class / Entre les mursFranceLaurent Cantet
14%
Love at First Fight / Les CombattantsFranceThomas Cailley
14%
Alexandria Again and ForeverEgyptYoussef Chahine
14%
Jason and the ArgonautsUKDon Chaffey
9%
The Music Teacher / Le Maître de MusiqueBelgiumGérard Corbiau
9%
Palo AltoUSAGia Coppola
9%
Mandela: Long Walk to FreedomUKJustin Chadwick
9%
The Scientific Cardplayer / Lo scopone scientificoItalyLuigi Comencini
9%
Shaolin SoccerSouth KoreaStephen Chow
9%

Score Distribution

Percentile by Number Answered

Percent of People with Each Score

Your Score History

You have not taken this quiz